| Tag |
First Indicator |
Second Indicator |
Subfields |
| LEADER |
00000cam a2200000 i 4500 |
| 001 |
in00000161321 |
| 005 |
20151008072632.0 |
| 008 |
790529s1977 sz a b 10000 eng |
| 010 |
|
|
|a 79305944
|
| 015 |
|
|
|a Sw***
|
| 035 |
|
|
|a (OCoLC)05099827
|
| 035 |
|
|
|9 AAS6773AM
|
| 040 |
|
|
|a DLC
|c DLC
|d TXA
|d UtOrBLW
|
| 049 |
|
|
|a TXAM
|c [979216]
|
| 050 |
0 |
0 |
|a S631.3
|b .F46
|
| 082 |
0 |
|
|a 631.8/1
|
| 245 |
0 |
0 |
|a Fertilizer use and production of carbohydrates and lipids :
|b proceedings of the 13th colloquium of the International Potash Institute held in York, United Kingdom, 1977.
|
| 264 |
|
1 |
|a Bern :
|b International Potash Institute,
|c 1977.
|
| 300 |
|
|
|a 356 pages :
|b illustrations ;
|c 23 cm.
|
| 336 |
|
|
|a text
|b txt
|2 rdacontent
|
| 337 |
|
|
|a unmediated
|b n
|2 rdamedia
|
| 338 |
|
|
|a volume
|b nc
|2 rdacarrier
|
| 504 |
|
|
|a Includes bibliographies.
|
| 650 |
|
0 |
|a Fertilizers
|v Congresses.
|
| 650 |
|
0 |
|a Agriculture
|v Congresses.
|
| 650 |
|
0 |
|a Carbohydrates
|v Congresses.
|
| 650 |
|
0 |
|a Lipids
|v Congresses.
|
| 650 |
|
0 |
|a Food
|v Congresses.
|
| 710 |
2 |
|
|a International Potash Institute.
|
| 999 |
|
|
|a MARS
|
| 999 |
f |
f |
|s d282cb1a-a237-3819-bfb8-88fa32f0629b
|i 1280be1a-5524-363c-8e38-a1b7fdaa26ed
|t 0
|
| 952 |
f |
f |
|p ric
|a Texas A&M University
|b Rellis Campus
|c Joint Library Facility
|d Remote Storage
|t 0
|e S631.3 .F46
|h Library of Congress classification
|i unmediated -- volume
|m A14805187189
|
| 998 |
f |
f |
|a S631.3 .F46
|t 0
|l Remote Storage
|